Tous les sports jouables dans Wii Sport et Wii Sport Resort - Statistiques

Statistiques générales
  • Ce quiz a été pris 826 fois
  • Le résultat moyen est 16 sur 38
Statistiques - réponses
Jeu Sport % Correct
Wii Sport Tennis
97%
Wii Sport Bowling
94%
Wii Sport Resort Bowling
94%
Wii Sport Boxe
88%
Wii Sport Golf
88%
Wii Sport Resort Golf
88%
Wii Sport Resort Golf
88%
Wii Sport Resort Tennis de Table
75%
Wii Sport Baseball
71%
Wii Sport Resort Basketball
70%
Wii Sport Resort Jeux aériens
69%
Wii Sport Resort Cyclisme
59%
Wii Sport Resort Sabre
54%
Wii Sport Resort Tir à l'arc
54%
Wii Sport Resort Frisbee
41%
Wii Sport Resort Course VS
40%
Wii Sport Resort Course VS
40%
Wii Sport Resort Course VS
40%
Wii Sport Resort Course sur route
39%
Wii Sport Resort Canoë - Kayak
36%
Wii Sport Resort Survol de l'île
35%
Wii Sport Resort Wakeboard
28%
Wii Sport Resort Duel
27%
Wii Sport Resort 100 quilles
26%
Wii Sport Resort 3 contre 3
24%
Wii Sport Resort Seul contre Tous
21%
Wii Sport Resort Chute libre
19%
Wii Sport Resort 10 quilles
18%
Wii Sport Resort Bowling avec obstacles
16%
Wii Sport Resort Motomarine
16%
Wii Sport Resort Match
15%
Wii Sport Resort Canin
14%
Wii Sport Resort Iaido
14%
Wii Sport Resort Face-à-face
8%
Wii Sport Resort Retours gagnants
7%
Wii Sport Resort Tirs à 3 points
6%
Wii Sport Resort Toujours plus loin
5%
Wii Sport Resort Slalom
4%
Aucun quiz correspondant
Distribution des résultats
% des personnes avec chaque résultat
Percentile par nombre de réponses
Votre historique - résultats
Vous n’avez pas pris ce quiz